Les francais passés par le Real Madrid - Statistiques

Statistiques générales
  • Ce quiz a été pris 151 fois
  • Le résultat moyen est 9 sur 20
Statistiques - réponses
Année au club Poste joueur % Correct
2024-... Attaquant Kylian Mbappé
99%
2009-2023 Avant-centre Karim Benzema
89%
2001-2006 Milieu Zinédine Zidane
89%
2011-2021 Défense Raphaël Varane
74%
2019-2020 Gardien Alphonse Areola
70%
2022-... Milieu Aurélien Tchouaméni
70%
2019-... Latéral Ferland Mendy
67%
2021-... Milieu Eduardo Camavinga
60%
2009-2012 Milieu Lassana Diarra
43%
2000-2003 Milieu Claude Makélélé
42%
1956-1959 Attanquant Raymond Kopa
39%
1999-2000 Avant-centre Nicolas Anelka
38%
2017-2019 Latéral Theo Hernández
35%
1998-2000 Milieu Christian Karembeu
23%
2019-2020 Gardien Luca Zidane
19%
1962-1965 Milieu Lucien Muller
3%
1928-1929 Défense Manuel Anatol
1%
1950-1951 Milieu Jean Luciano
1%
1950-1953 Défense Louis Hon
1%
1916-1917 Attanquant René Petit
1%
Aucun quiz correspondant
Distribution des résultats
% des personnes avec chaque résultat
Percentile par nombre de réponses
Votre historique - résultats
Vous n’avez pas pris ce quiz